000 00737nam a22001937a 4500
005 20111220104537.0
020 _a9788189020507
_c95.00
037 _bPUB
245 _aLukose's Church and other stories /
_cedited by Geeta Dharmarajan (and) Keerti Ramachandra
260 _aNew Delhi
_bKatha
_c2006
270 _aA3 Sarvodaya Enclave, Sri Aurobindo Marg,
_bNew Delhi
_e110017
300 _a120p.
_bill.
_c18cm(pbk)
490 _aPocket plus series
_937238
500 _aunforgettable short fiction from some of India's master storytellers
700 _a Dharmarajan,Geeta
_937225
700 _aRamachandra, Keerti
_937226
942 _2ddc
_cCH
_mLUK
999 _c59678
_d59678